• 首页
  • 本馆介绍
  • 公告通知
  • 最新文献
  • 馆藏检索
  • 电子资源
  • 读者导购
  • 参考咨询
  • 我的图书馆
  • 登录
  • 详细信息显示
  • 放入我的书架
  • 预约/预借图书
  • 作者相关作品
  • 分类相关作品
  • 丛书相关作品
  • 出版社相关作品

书目信息

  • 表格格式
  • 工作单格式
  • 卡片格式
题名:
习近平总书记教育重要论述讲义
    
 
作者: ;习近平总书记教育重要论述讲义编写组 编 ;英文翻译组 译
分册:  
出版信息: 北京   外语教学与研究出版社  2022
页数: 212页
开本: 24cm
丛书名:
单 册:
中图分类: D2-0 , G52
科图分类:
主题词: 教育事业--中国--学习参考资料--英文
电子资源:
ISBN: 978-7-5213-3595-8
000 01725nam0 2200277 450
001 012024000306
005 20240924225236.0
010    @a978-7-5213-3595-8@dCNY70.00
100    @a20240924d2022 em y0chiy50 ea
101 0  @aeng@gchi
102    @aCN@b110000
105    @aa z 000yy
106    @ar
200 1  @a习近平总书记教育重要论述讲义@Axi jin ping zong shu ji jiao yu zhong yao lun shu jiang yi@e英文@dUnderstanding Xi Jinping's educational philosophy@f习近平总书记教育重要论述讲义编写组编@g英文翻译组译@zeng
210    @a北京@c外语教学与研究出版社@d2022
215    @a212页@c彩照@d24cm
330    @a本书是《习近平总书记教育重要论述讲义》的英文版。《习近平总书记教育重要论述讲义》中文版以习近平总书记在全国教育大会上关于“九个坚持”的重要论述为统领,对党的十八大以来习近平总书记关于教育的一系列新理念新思想新观点,进行了系统梳理、全面研究和深入解读,阐述了习近平总书记教育重要论述的时代背景、科学内涵、主要内容和重大意义。全书由导言和九讲构成,包括坚持党对教育事业的全面领导、坚持把立德树人作为根本任务、坚持优先发展教育事业、坚持社会主义办学方向、坚持扎根中国大地办教育、坚持以人民为中心发展教育、坚持深化教育改革创新、坚持把服务中华民族伟大复兴作为教育的重要使命、坚持把教师队伍建设作为基础工作等内容。
510 1  @aUnderstanding Xi Jinping's educational philosophy@zeng
600  0 @a习近平@f(1953- )@x报告@j学习参考资料@j英文
606 0  @a教育事业@y中国@j学习参考资料@j英文
690    @aD2-0@v5
690    @aG52@v5
711 02 @a习近平总书记教育重要论述讲义编写组@Axi jin ping zong shu ji jiao yu zhong yao lun shu jiang yi bian xie zu@4编
712 02 @a英文翻译组@Aying wen fan yi zu@4译
801  0 @aCN@bAHXH@c20240924
905    @b214141542@b214141551@b214141560@b214141579@b214141588@dD2-0@e235@f5
    
    习近平总书记教育重要论述讲义:英文=Understanding Xi Jinping's educational philosophy/习近平总书记教育重要论述讲义编写组编/英文翻译组译.-北京:外语教学与研究出版社,2022
    212页:彩照;24cm
    
    
    ISBN 978-7-5213-3595-8:CNY70.00
    本书是《习近平总书记教育重要论述讲义》的英文版。《习近平总书记教育重要论述讲义》中文版以习近平总书记在全国教育大会上关于“九个坚持”的重要论述为统领,对党的十八大以来习近平总书记关于教育的一系列新理念新思想新观点,进行了系统梳理、全面研究和深入解读,阐述了习近平总书记教育重要论述的时代背景、科学内涵、主要内容和重大意义。全书由导言和九讲构成,包括坚持党对教育事业的全面领导、坚持把立德树人作为根本任务、坚持优先发展教育事业、坚持社会主义办学方向、坚持扎根中国大地办教育、坚持以人民为中心发展教育、坚持深化教育改革创新、坚持把服务中华民族伟大复兴作为教育的重要使命、坚持把教师队伍建设作为基础工作等内容。
●
相关链接 在E读中查询图书 在五车中查询图书 在当当中查询图书 在豆瓣中查询图书


正题名:习近平总书记教育重要论述讲义     索取号:D2-0/235         预约/预借

序号 登录号 条形码 馆藏地/架位号 状态 备注
1 1414154   214141542   第一样本阅览室/ [索取号:D2-0/235] 在馆    
2 1414155   214141551   第一借阅区/ [索取号:D2-0/235] 在馆    
3 1414156   214141560   第一借阅区/ [索取号:D2-0/235] 在馆    
4 1414157   214141579   第一借阅区/ [索取号:D2-0/235] 在馆    
5 1414158   214141588   第一借阅区/ [索取号:D2-0/235] 在馆    
唐山师范学院图书馆 欢迎您!
大连网信软件有限公司© 版权所有